Work-Life Balance and Gender Differences: Comparing Male and Female Perceptions in HR Practice

Na minha lista:
Detalhes bibliográficos
Autor principal: Mišíková, Natália, 1999-
Outros Autores: Jankelová, Nadežda, 1966-
Formato: Capítulo de Livro
Idioma:inglês
Assuntos:
Tags: Adicionar Tag
Sem tags, seja o primeiro a adicionar uma tag!

MARC

LEADER 00000naa$a2200000$$$4500
001 0314406
005 20260126082119.2
041 0 |a eng 
044 |a SK 
245 1 0 |a Work-Life Balance and Gender Differences: Comparing Male and Female Perceptions in HR Practice  |c Natália Mišíková, Nadežda Jankelová 
610 2 0 |a ekonómia 
610 2 0 |a manažment 
610 2 0 |a podnikanie 
610 2 0 |a digitalizácia 
610 2 0 |a financie 
100 1 |a Mišíková, Natália, 1999- 
700 1 |a Jankelová, Nadežda, 1966-